Veřejná správa v zemích EU

Pohľad na verejnú správu v krajinách EÚ. Európsky správny priestor a jeho formovanie. Členenie systémov verejnej správy v krajinách Európskej únie. Sysémy štátnej služby. Usporiadanie miestnej správy.

Enregistré dans:
Détails bibliographiques
Auteur principal: Halásková, Martina
Format: Chapitre de livre
Langue:tchèque
Sujets:
Tags: Ajouter un tag
Pas de tags, Soyez le premier à ajouter un tag!

MARC

LEADER 00000naa$a2200000$$$4500
001 0055910
005 20220718123508.7
041 0 |a cze 
044 |a SK 
245 1 0 |a Veřejná správa v zemích EU  |c Martina Halásková 
520 |a Pohľad na verejnú správu v krajinách EÚ. Európsky správny priestor a jeho formovanie. Členenie systémov verejnej správy v krajinách Európskej únie. Sysémy štátnej služby. Usporiadanie miestnej správy. 
610 2 0 |a správa verejná 
610 2 0 |a správa štátna 
610 2 0 |a Európska únia 
610 2 0 |a usporiadanie správne 
610 2 0 |a usporiadanie územné 
610 2 0 |a integrácia ekonomická 
610 2 0 |a služba štátna 
610 2 0 |a služba verejná 
100 1 |a Halásková, Martina